000 01419njm a22002897a 4500
005 20100907133836.0
007 sd ammalaaahaa
008 100904t xxu||||| |||| 00| 0 hin d
028 _aRAE. 1504
_bHis Master's Voice
028 _aOJE. 20490
_bHis Master's Voice
028 _aOJE. 20494
_bHis Master's Voice
035 _aGR-01141
040 _aSED/VEN
100 _aMohammed Rafi
_91184
245 _aKabli Khan; Part-1
_bHindustani /
_cby Mohammed Rafi aur Chorus; Music Dtn.by Chitragupta; Lyric by Majrooh
_h[Sound Recording] :
246 _aकाबली खान (मोहम्मद रफ़ी और चोरुस)
260 _aDum Dum, India :
_bHis Master's Voice
300 _a1 sound disc [Gramophone Recording] :
_banalog, 33 1/3 rpm ;
_c10 in.
_fGramophone Records
500 _aBrief Records
505 _aSong Side-1; सल्ले अला जुल्फें काली काली (काबली खान) (मोहम्मद रफ़ी और चोरुस)): Song Side-2; चलो झूमते सरसे (लता मंगेशकर और चोरुस) Part-2
650 _aClassical Music
_xExcerpts
_zIndia
_918309
700 _918319
_aMangeshkar, Lata
700 _918320
_aChorus
700 _918717
942 _2ddc
_cGR
999 _c44224
_d44224